Los caballeros de la cruz

Shranjeno v:
Bibliografske podrobnosti
Glavni avtor: León y Román, Ricardo (Author)
Format: Knjiga
Jezik:španščina
Izdano: Madrid Renacimiento 1916
Teme:
Oznake: Označite
Brez oznak, prvi označite!

MARC

LEADER 00000nam a2200000 a 4500
001 UCQ4742
003 CL-VaPUC
008 980910e19160000SP |||||||||||||||||spa|d
082 0 4 |a 864  |b LEO  |2 21 
100 |a León y Román, Ricardo  |e author  |9 354203 
245 1 4 |a Los caballeros de la cruz 
300 |a 325 p 
942 |c BK 
945 |d 19980910 00:00:00  |a lriquelm 
260 |a Madrid  |b Renacimiento  |c 1916 
650 0 |a Ensayos españoles  |9 313128 
650 0 |a Literatura española  |9 306261 
583 |a last modification  |c 19980910 00:00:00  |k Rodrigo Vera 
999 |c 275044  |d 275042 
952 |0 0  |1 0  |4 0  |6 864_000000000000000_LEO_1916  |7 0  |8 A  |9 311567  |a BIBEDU  |b BIBEDU  |d 2019-11-20  |i 3294951  |o 864 LEO 1916  |p 3294951  |r 2019-11-20  |w 2019-11-20  |y BK  |k LIT